Score 0/34 Timer 07:00
0 Plays Today
Description Character % Correct
Protagonist of the epic, Trojan leader destined to found RomeAeneas
90%
King of the GodsJupiter
80.4%
Queen of CarthageDido
76.1%
God of the seaNeptune
75.7%
Queen of the GodsJuno
75.3%
Goddess of love, mother of the Trojan leaderVenus
73.2%
Dead Trojan prince whose ghost appears to the protagonistHector
71.2%
King of TroyPriam
69.9%
Messenger of the GodsMercury
69.7%
God of desire, son of the Goddess of loveCupid
61.6%
Son of the Trojan leaderAscanius
59.1%
God of the forge who cast the Trojan leader's armsVulcan
58.7%
Father of the Trojan leaderAnchises
58.6%
The hero of Homer's Odyssey and the brains behind the Trojan horseUlysses
50.8%
God of the windsAeolus
48.9%
Messenger goddess of the rainbowIris
48.7%
Primary antagonist, leader of the RutuliTurnus
48.3%
Description Character % Correct
First wife of the Trojan leaderCreusa
48.1%
Daughter of the king of LatiumLavinia
46.6%
Queen of TroyHecuba
46.2%
Sister of the queen of CarthageAnna
44.6%
King of LatiumLatinus
40%
Son of the king of PallanteumPallas
39%
'Beware of Greeks bearing gifts'Laocoön
38.4%
Son of Achilles, slayer of the Trojan kingPyrrhus
36.2%
King of PallanteumEvander
34%
Greek youth who lets the warriors out of the Wooden Horse's bellySinon
33%
Warrior maiden, leader of the VolsciansCamilla
32.7%
Guides the Trojan leader to the underworldCumaean Sibyl
31.4%
Queen of Laurentum, wife of the king of LatiumAmata
28.9%
Princess of Troy who marvels at Aeneas when she sees him still aliveAndromache
28.4%
Sword-bearer of the Trojan leaderAchates
25.4%
Pilot of one of the Trojan shipsPalinurus
23.5%
A harpy who warns the Trojan troop that they will starve in ItalyCelaeno
10%

You're not logged in!

Compare scores with friends on all Sporcle quizzes.
OR
Log In

Sporcle TV

Today on Sporcle TV


Watch our educational content, quiz creation guides, and fun videos on Sporcle TV.

Show Comments

Extras

Top Quizzes Today


Score Distribution

Paid Content

Your Account Isn't Verified!

In order to create a playlist on Sporcle, you need to verify the email address you used during registration. Go to your Sporcle Settings to finish the process.

Report this User

Report this user for behavior that violates our Community Guidelines.

Details: